| 000 | 02186cam a22003014a 4500 | ||
|---|---|---|---|
| 001 | 1501 | ||
| 005 | 20240116113338.0 | ||
| 020 | _a9780764133947 | ||
| 020 | _a0764133942 | ||
| 040 |
_aDLC _cDLC _dDLC _dFISKH _beng |
||
| 050 | 0 | 0 |
_aND653.G7 _bM31413 2006 |
| 082 | _aND653.G7 | ||
| 100 | 1 | _aMartín, Carme. | |
| 245 | 1 | 0 | _aMy name is...Vincent van Gogh / |
| 246 | 3 | 0 | _aVincent van Gogh |
| 260 |
_aHauppauge : _bBarron's, _c2006. |
||
| 300 |
_a63 pages : _bcolor illustrations ; _c22 cm |
||
| 490 | 0 | _aMy name is-- | |
| 500 | _aOriginally published by Parramón Ediciones, Barcelona, Spain, c2004. | ||
| 505 | _aQ | ||
| 520 | _aVincent van Gogh was born in the Netherlands, but spent most of his life as an artist in Paris and the southern French town of Arles. His art, with its unusually vibrant colors and fantastic shapes, found very little acceptance during his lifetime, and he was supported in large part by his more practical brother, Theo, an art dealer. Vincent suffered from periods of clinical depression, which culminated with his suicide in 1890, when he was only 47 years old. His recognition as one of the great artists of his time came only after his death. Older boys and girls will find hours of reading pleasure in the very accessible biographies in the My Name Is ... series. The narratives are substantial, averaging roughly 7,500 words each, as they recount their subjects' accomplishments in the context of their times and historical backgrounds. Each book's narrative is supplemented with handsome full-color illustrations, including some of full-page size. Titles in this series make ideal additions both to school and home libraries, and can serve as supplementary reading for classroom discussion and essay projects. A two-page time line at the back of each book summarizes the subject's life, as well as important cultural and historical events that occurred during his lifetime. | ||
| 521 |
_a920
_bLexile estimate |
||
| 521 |
_aZ'
_bRaz-Plus |
||
| 650 | 0 |
_aPainters _zNetherlands _vBiography _vJuvenile literature. |
|
| 700 | 1 |
_aLuciani, Rebeca. _eillustrator |
|
| 906 |
_a7 _bcbc _corignew _d2 _eepcn _f20 _gy-gencatlg |
||
| 942 |
_2ddc _cBK _n0 |
||
| 999 |
_c1501 _d1501 |
||